000 01280 a2200205 4500
001 39889
005 20260407155655.0
008 260407a1982 arg spa d
003 AR-UNSa-BCEJYS
040 _aAR-UNSa-BCEJYS
_bspa
_cAR-UNSa-BCEJYS
080 _a001.8
_xMetodología. Estudio general del método. Procedimientos científicos y técnicos para el estudio, La investigación y la discusión
245 1 0 _aCómo hacer una tesis
020 _a970-05-0265-1
264 1 _aBarcelona :
_bEdiciones Grijalbo
_c1982
300 _a220 p.
_c22 cm.
505 _aParte I: Técnicas para la elaboración de la tesis - Parte II: Investigación Preliminar: 1. Determinación del área - 2. Breve consulta bibliográfica sobre la área elegida - 3. Elección del tema, determinación de su perimetro y elaboración de la agenda de investigación - 4. Sondeo de fuentes de conocimiento y descubrimiento de hipótesis - Parte III: 5. Estudio y elaboración de la tesis : 5. Estructura en borrado del esquema de la tesis - 6. Elaboración de fichas piloto y grafico-descriptiva - 7. Estudio de fuentes de conocimiento - 8. Exmamén y ajuste de fichas - 9. Exposición gradual - 10. Copia.
942 _cBK
590 _aniveau_biblio:m niveau_hierar:0
100 1 _aTaborga, Huáscar
999 _c3123
_d3123